| 000 | 01201nam a2200325 a 4500 | ||
|---|---|---|---|
| 001 | 000115761 | ||
| 003 | CHAP | ||
| 005 | 20220329144547.0 | ||
| 008 | 190702s2019 mx | |sm |||||||spa d | ||
| 010 | _a112222 | ||
| 011 | _a113194 | ||
| 040 | _cCHAP | ||
| 090 | _aTesis | ||
| 100 | 1 |
_aAlvarado Ramón, Alejandro. _9136355 |
|
| 245 | 1 | 0 |
_aEfecto de la adición de un complejo enzimático en el comportamiento productivo y de la canal de cerdos en engorda _h[En línea] _cpor Alejandro Alvarado Ramón. |
| 260 |
_aChapingo, Méx. : _bEl autor, _c2019. |
||
| 500 | _aPara ver el contenido del material haga clic en la liga | ||
| 502 | _aTesis (Ing. Agr. Esp. en Zootecnia) -- UACH. Departamento de Zootecnia | ||
| 590 |
_aBATCH-UPD _b05 _c20190702 _lUCH01 _h1434 |
||
| 590 |
_aE6337LMJ _b05 _c20190702 _lUCH01 _h1433 |
||
| 590 |
_aE6337LMJ _b05 _c20190702 _lUCH01 _h1433 |
||
| 650 | 1 | 4 |
_aCerdos _xAlimentación. _921369 |
| 650 | 1 | 4 |
_aGanado porcino _xEngorda. _945362 |
| 650 | 1 | 4 |
_aGanado porcino _xNutrición. _945390 |
| 650 | 1 | 4 |
_aGanado porcino _xProducción. _945399 |
| 856 |
_aFinding aid _uhttp://10.13.5.2/tesis/sist115761.pdf _zTeclea aquí |
||
| 901 | _aBK | ||
| 942 | _cTESIS | ||
| 942 | _n0 | ||
| 999 |
_c112222 _d112222 |
||